Santulita gopālana. (Record no. 55825)

MARC details
000 -LEADER
fixed length control field 00594cam a22002291 4500
001 - CONTROL NUMBER
control field sa 63004718
003 - CONTROL NUMBER IDENTIFIER
control field DLC
005 - DATE AND TIME OF LATEST TRANSACTION
control field 20260227111951.0
008 - FIXED-LENGTH DATA ELEMENTS--GENERAL INFORMATION
fixed length control field 900208s1963 ii 000 0 hino
010 ## - LIBRARY OF CONGRESS CONTROL NUMBER
LC control number sa 63004718
035 ## - SYSTEM CONTROL NUMBER
System control number (OCoLC)21021747
040 ## - CATALOGING SOURCE
Original cataloging agency DLC
Transcribing agency WaU
Modifying agency DLC
042 ## - AUTHENTICATION CODE
Authentication code premarc
050 00 - LIBRARY OF CONGRESS CALL NUMBER
Classification number SF201
Item number .M33
100 1# - MAIN ENTRY--PERSONAL NAME
Personal name Mallika, Gopāla Kr̥shṇa.
245 10 - TITLE STATEMENT
Title Santulita gopālana.
260 ## - PUBLICATION, DISTRIBUTION, ETC.
Date of publication, distribution, etc. [1963]
300 ## - PHYSICAL DESCRIPTION
Extent 1 v. (various pagings)
Dimensions 19 cm.
500 ## - GENERAL NOTE
General note In Hindi.
500 ## - GENERAL NOTE
General note L.C. copy imperfect: pages incorrectly bound together.
650 #0 - SUBJECT ADDED ENTRY--TOPICAL TERM
Topical term or geographic name entry element Cattle.

No items available.

Powered by Koha